000
00201 a2200097 4500
001
45644
100
_a
Schlossstein, S
245
_a
Kensei
260
_a
London
_b
Arrow books
_c
090
_c
28818
_d
28818
942
_a
NUST-CAE
_c
M
_c
20911
999
_c
280717
_d
280717